000
00202cam a2200085 4500
008
080529n 000 0 eng u
035
_a
(Sirsi) a153382
100
_a
fessenden r j
245
_a
organic chemistry
999
_c
8848
_d
8848